Innovación, salarios y eficiencia productiva /

Gespeichert in:
Bibliographische Detailangaben
1. Verfasser: Vergara Reyes, Delia Margarita (coordinación)
Format: Buch
Sprache:Spanisch
Veröffentlicht: México : UNAM, Instituto de Investigaciones Económicas, 2016, c2016
Schlagworte:
Tags: Tag hinzufügen
Keine Tags, Fügen Sie das erste Tag hinzu!

MARC

LEADER 00000nam^a2200000^a^4500
001 000400645
005 20250521000000.0
009 20260310121625.242
020 |a 978-607-02-8576-9 
037 |a Acervo ITESO - Biblioteca 
041 |a ESP 
082 |a 338. 9270972  |b VER 
100 |a Vergara Reyes, Delia Margarita  |e (coordinación) 
245 1 0 |a Innovación, salarios y eficiencia productiva /  |c Coord. de D.M. Vergara Reyes. 
264 4 |a México :  |b UNAM, Instituto de Investigaciones Económicas,  |c 2016, c2016 
300 |a 413 p. 
336 |a texto  |b txt  |2 rdacontenido 
337 |a sin mediación  |b n  |2 rdamedio 
338 |a volumen  |b nc  |2 rdasoporte 
521 |a FIL 2017 EEnlace Centro Universidad Empresa 
649 |a XX 
650 |a Sueldos y Salarios -  |z México -  |x Historia 
650 |a Empleo y Desempleo -  |z México 
650 |a Productividad -  |z México -  |x Aspectos Tecnológicos -  |x Tema Principal 
650 |a Competitividad -  |z México 
650 |a Desarrollo Tecnológico -  |z México -  |x Aspectos Laborales -  |x Tema Principal 
650 |a Política Industrial -  |z México 
650 |a Política Educativa -  |z México 
650 |a Política Laboral -  |z México 
650 |a Políticas Públicas -  |z México 
650 |a Economía Laboral -  |z México 
650 |a Economía -  |z México 
910 |a Fondo General 
920 |a Impresos - Libros 
930 |a Colección General 
905 |a 101 
901 |a 0500295907  |b IT1  |c ACC  |i c158473  |u 20250521 
902 |a https://opac.biblio.iteso.mx/vufind/Record/000400645